[Event "Rohde op 12th"]
[Site "Sautron"]
[Date "2012.11.01"]
[Round "7"]
[White "Pancevski, Filip"]
[Black "Ulybin, Mikhail"]
[Result "1/2-1/2"]
[WhiteElo "2482"]
[BlackElo "2529"]
[Annotator "RR"]
[PlyCount "41"]
[EventDate "2012.10.27"]
[EventType "swiss"]
[EventRounds "9"]
[EventCountry "FRA"]
[SourceTitle "EXT 2014"]
[Source "ChessBase"]
[SourceDate "2013.11.20"]
[SourceVersion "1"]
[SourceVersionDate "2013.11.20"]
[SourceQuality "1"]
[TimeControl "40/5400+30:1800+30"]
[WhiteClock "1:30:00"]
[BlackClock "1:30:00"]

1. e4 {[%emt 0:00:00]} e6 {[%emt 0:04:50]} 2. d4 {[%emt 0:00:00]} d5 {[%emt 0:
00:59]} 3. Nc3 {[%emt 0:00:00]} Nf6 {[%emt 0:01:03]} 4. e5 {[%emt 0:00:13]}
Nfd7 {[%emt 0:01:06]} 5. f4 {[%emt 0:00:11]} c5 {[%emt 0:00:49]} 6. Nf3 {
[%emt 0:00:10]} Nc6 {[%emt 0:01:13]} 7. Be3 {[%emt 0:00:19]} Be7 {[%emt 0:02:
49]} (7... a6) 8. Be2 {[%emt 0:01:45]} O-O {[%emt 0:04:55]} 9. O-O {[%emt 0:02:
56]} (9. Qd2) 9... b6 {[%emt 0:01:41]} ({RR} 9... a6 10. Qd2 b5 11. Nd1 b4 12.
Nf2 a5 13. dxc5 Bxc5 14. Bxc5 Nxc5 15. Bd3 Ba6 16. Qe3 Bxd3 17. cxd3 Na4 18.
Rab1 Ne7 19. Rfc1 Qd7 20. Nd4 Rfc8 21. Nd1 Rxc1 22. Rxc1 Rc8 23. Kf1 h5 24. Qd2
{Kamsky,G (2745)-Morozevich,A (2610)/Amsterdam 1996/CBM 055/1/2-1/2 (60)}) (
9... f6) 10. Qe1 {[%emt 0:11:45] Une ligne secondaire trés peu jouée} (10. Qd2
f6 11. exf6 Nxf6 12. Kh1) 10... f5 {[%emt 0:02:45]} (10... f6) (10... Bb7) 11.
exf6 {[%emt 0:24:19]} Nxf6 {[%emt 0:01:14]} 12. Rd1 $146 {[%emt 0:03:47]} ({RR
} 12. Bb5 Nb4 13. Rc1 a6 14. Be2 Ng4 15. Bd2 Nc6 16. Nd1 Nf6 17. c3 Ne4 18. Bd3
Nxd2 19. Qxd2 Bf6 20. Bb1 Qd6 21. Nf2 g6 22. h4 Bd7 23. Ng4 Bg7 24. Nfe5 Qe7
25. Nxc6 Bxc6 26. g3 Bb5 {Brkic,A (2606)-Tratar,M (2477)/Bol 2011/CBM 144
Extra/1/2-1/2 (62)}) 12... Ng4 $11 {[%emt 0:16:02]} 13. Bc1 {[%emt 0:05:40]}
cxd4 {[%emt 0:03:14]} 14. Nxd4 {[%emt 0:11:07]} Nxd4 {[%emt 0:01:36]} 15. Bxg4
{[%emt 0:00:13]} Bc5 {[%emt 0:02:09][%cal Gc5g1]} 16. Kh1 {[%emt 0:00:49]} Qf6
{[%emt 0:03:21]} 17. Rf2 {[%emt 0:06:51]} Nf5 {[%emt 0:37:40][%cal Gc5f2,Gf6h6,
Gf5g3]} 18. Re2 {[%emt 0:15:47]} Nd4 {[%emt 0:01:08]} (18... Qh6 $5 {[%cal
Gf5g3]}) 19. Rf2 {[%emt 0:00:15]} Nf5 {[%emt 0:06:26]} 20. Re2 {[%emt 0:00:02]}
Nd4 {[%emt 0:01:56]} 21. Rf2 {[%emt 0:01:05]} 1/2-1/2

[Event "Sautron op 16th"]
[Site "Sautron"]
[Date "2016.10.29"]
[Round "9.7"]
[White "Bogdanov, Egor"]
[Black "Manea, Alexandru"]
[Result "0-1"]
[WhiteElo "2400"]
[BlackElo "2382"]
[Annotator "RR"]
[PlyCount "108"]
[EventDate "2016.10.22"]
[EventType "swiss"]
[EventRounds "9"]
[EventCountry "FRA"]
[SourceTitle "EXT 2019"]
[Source "ChessBase"]
[SourceDate "2018.10.10"]
[SourceVersion "1"]
[SourceVersionDate "2018.10.10"]
[SourceQuality "1"]
[TimeControl "40/5400+30:1800+30"]
[WhiteClock "0:43:02"]
[BlackClock "0:08:23"]

1. e4 {[%emt 0:00:00]} e6 {[%emt 0:00:00]} 2. d4 {[%emt 0:00:00]} d5 {[%emt 0:
00:02]} 3. Nc3 {[%emt 0:00:00]} Nf6 {[%emt 0:00:18]} 4. e5 {[%emt 0:00:00]}
Nfd7 {[%emt 0:00:29]} 5. f4 {[%emt 0:00:00]} c5 {[%emt 0:00:06]} 6. Nf3 {
[%emt 0:00:02]} Nc6 {[%emt 0:00:19]} 7. Be3 {[%emt 0:00:06]} Qb6 {[%emt 0:00:
59]} 8. Na4 {[%emt 0:04:36]} Qa5+ {[%emt 0:00:47]} 9. c3 {[%emt 0:00:44]} cxd4
{[%emt 0:00:24]} 10. b4 {[%emt 0:00:35]} Nxb4 {[%emt 0:01:58] Il y a beaucoup
de théorie avec ce gambit qui donne des compensations raisonnables aux Noirs.}
11. cxb4 {[%emt 0:00:05]} Bxb4+ {[%emt 0:00:07]} 12. Bd2 {[%emt 0:00:02]} Bxd2+
{[%emt 0:00:11]} 13. Nxd2 {[%emt 0:00:06]} b6 {[%emt 0:00:10]} (13... O-O) 14.
Be2 {[%emt 0:08:53]} (14. Bd3 Ba6 15. Nb2 Nc5 16. Bxa6 Qxa6 17. Qe2 Qa3 18.
Qb5+ Ke7 19. O-O Qe3+ 20. Rf2 Rhc8 21. Raf1 g6 22. Nb3 Nxb3 23. Nd1 Qe4 24.
axb3 Rc5 25. Qa6 Kf8 26. Rd2 Kg7 27. Qa4 Qb1 28. Rxd4 Rc1 29. g4 Qc2 30. Qb4
Rb1 31. f5 gxf5 32. gxf5 Kh8 33. Kh1 Qe2 34. Qe1 Qxe1 35. Rxe1 Rxb3 36. Ne3 a5
37. Ng4 Rc8 38. Nf6 Rh3 39. fxe6 Rc2 40. Rg4 Rcxh2+ 41. Kg1 Rh1+ 42. Kf2 R1h2+
43. Rg2 fxe6 {Zhigalko,S (2671)-Podolchenko,E (2516) Minsk 2011 1-0}) 14... Nc5
{[%emt 0:13:32]} 15. Nxc5 $6 $146 {[%emt 0:00:18] Renforce le centre} (15. Nb2
{Feliciano Ebert,V (2224)-Cubas,J (2537) Blumenau Santa Catarina Cup 2nd 2013 
(7) 0-1}) 15... bxc5 {[%emt 0:00:04]} 16. O-O {[%emt 0:00:29]} O-O {[%emt 0:09:
58]} 17. Nb3 {[%emt 0:03:41]} Qb6 {[%emt 0:00:52][%cal Gc5c4,Gd4d3,Gb6g1]} 18.
Kh1 {[%emt 0:02:37]} d3 $1 {[%emt 0:20:28]} 19. Bxd3 {[%emt 0:00:05]} (19. Bf3
c4 20. Nd2 c3 21. Nb3 Ba6 $36 {[%csl Gc3,Gd3]}) 19... c4 {[%emt 0:00:04]
Illustrant le problème d'avoir joué Nc5} 20. Bxh7+ $1 {[%emt 0:00:03]} Kxh7 {
[%emt 0:00:02]} 21. Qh5+ {[%emt 0:10:10]} Kg8 {[%emt 0:00:06]} 22. Rf3 {
[%emt 0:00:21]} cxb3 {[%emt 0:05:39]} 23. Rh3 $44 {[%emt 0:00:25]} f5 {[%emt 0:
03:44]} 24. exf6 {[%emt 0:09:49]} Rxf6 {[%emt 0:01:48]} 25. Qh8+ {[%emt 0:00:
15]} Kf7 {[%emt 0:00:07]} 26. Rg3 {[%emt 0:00:18]} Ke7 {[%emt 0:04:37]} 27.
Rxg7+ {[%emt 0:00:12]} Kd6 {[%emt 0:19:42]} 28. axb3 $44 {[%emt 0:23:33][%csl
Ra8,Rc8,Rd6]} Bb7 {[%emt 0:01:45]} 29. Qh7 {[%emt 0:00:42]} (29. Qh4 $5 Raf8
30. Qh7 Rxf4 31. Rd7+ Kc5 32. Rc1+ Kb4 33. Qd3 $13 {[%cal Gd3b3,Gd3f1]}) 29...
Bc6 {[%emt 0:01:44]} 30. Rgxa7 {[%emt 0:06:44]} Rxa7 {[%emt 0:00:06]} 31. Rxa7
{[%emt 0:00:08]} Rxf4 {[%emt 0:00:32]} 32. Qe7+ {[%emt 0:00:22]} Ke5 {[%emt 0:
00:12]} 33. Qg5+ {[%emt 0:00:26]} Ke4 {[%emt 0:01:39]} 34. Qg6+ {[%emt 0:02:04]
} Ke5 {[%emt 0:03:49]} 35. Qg5+ {[%emt 0:00:29]} Ke4 {[%emt 0:00:59]} 36. Qg6+
{[%emt 0:00:01]} Kd4 {[%emt 0:05:39]} 37. Ra1 {[%emt 0:00:32]} Qa6 {[%emt 0:04:
50]} 38. Qg7+ {[%emt 0:08:36]} e5 {[%emt 0:00:12][%csl Gd5,Ge5]} 39. Rd1+ {
[%emt 0:00:01]} Kc5 {[%emt 0:00:19]} 40. Qe7+ {[%emt 0:00:00]} (40. Qxe5 Rf1+)
40... Kb6 {[%emt 0:00:00]} 41. Qd8+ {[%emt 0:00:39]} Ka7 {[%emt 0:07:12]} 42.
Qc7+ {[%emt 0:04:31]} Bb7 $19 {[%emt 0:00:10][%csl Ga7] L'attaque Blanche
s'essoufle et le centre Noir va faire la différence} 43. Qc5+ {[%emt 0:00:30]}
Ka8 {[%emt 0:00:13]} 44. Qg1 {[%emt 0:01:20]} Qb5 {[%emt 0:02:17]} 45. h3 {
[%emt 0:05:12]} d4 {[%emt 0:00:19]} 46. Qe1 {[%emt 0:00:19]} Qd5 {[%emt 0:15:
49]} 47. Qg3 {[%emt 0:00:16]} Rf8 {[%emt 0:00:25]} 48. Rg1 {[%emt 0:02:22]} Rg8
{[%emt 0:00:30]} 49. Qf2 {[%emt 0:00:01]} d3 {[%emt 0:00:32]} 50. Ra1+ {
[%emt 0:00:20]} Kb8 {[%emt 0:00:06]} 51. Qa7+ {[%emt 0:00:06]} Kc8 {[%emt 0:00:
39]} 52. Rc1+ {[%emt 0:00:05]} Kd7 {[%emt 0:00:06]} 53. Qa4+ {[%emt 0:00:16]}
Bc6 {[%emt 0:01:05]} 54. Qa7+ {[%emt 0:00:31]} Ke6 {[%emt 0:00:55]} 0-1

[Event "Sautron op 15th"]
[Site "Sautron"]
[Date "2015.10.24"]
[Round "3.3"]
[White "Migot, Tangi"]
[Black "Libiszewski, Fabien"]
[Result "0-1"]
[WhiteElo "2399"]
[BlackElo "2523"]
[Annotator "RR"]
[PlyCount "71"]
[EventDate "2015.10.24"]
[EventType "swiss"]
[EventRounds "9"]
[EventCountry "FRA"]
[SourceTitle "CBM 169 Extra"]
[Source "ChessBase"]
[SourceDate "2015.12.18"]
[SourceVersion "1"]
[SourceVersionDate "2015.12.18"]
[SourceQuality "1"]
[TimeControl "40/5400+30:1800+30"]
[WhiteClock "0:00:50"]
[BlackClock "0:03:29"]

1. e4 {[%emt 0:00:00]} e6 {[%emt 0:00:27]} 2. d4 {[%emt 0:00:00]} d5 {[%emt 0:
00:04]} 3. Nc3 {[%emt 0:00:00]} Nf6 {[%emt 0:00:20]} (3... Bb4) 4. e5 {[%emt 0:
00:18]} Nfd7 {[%emt 0:00:08]} 5. f4 {[%emt 0:00:05]} c5 {[%emt 0:00:31]} 6. Nf3
{[%emt 0:00:10]} Be7 {[%emt 0:00:49] Nc6 est plus courant mais c'est
probablement une simple transposition} (6... Nc6 7. Be3 a6 8. Qd2 Qc7 9. dxc5
Bxc5 10. Bxc5 Nxc5 11. O-O-O O-O 12. Qe3 b6 13. Bd3 Nxd3+ 14. Rxd3 Na5 15. b3
Bb7 16. Nd4 Rac8 17. Kb1 b5 18. Qh3 b4 19. Nce2 Kh8 20. g4 Nc6 21. Qh4 Qe7 22.
g5 f5 23. Rh3 h6 24. Rg1 Nxd4 25. Nxd4 Rc3 26. gxh6 g5 27. fxg5 {1-0 (27)
Anand,V (2803)-Zvjaginsev,V (2660) Berlin 2015}) 7. Be3 {[%emt 0:01:00]} O-O {
[%emt 0:03:25]} (7... Nc6 {Aurait transposé dans les grandes lignes}) 8. Be2 {
[%emt 0:00:40]} b6 {[%emt 0:02:15] Une nouveauté dans cet ordre de coups} 9.
O-O {[%emt 0:01:21]} Nc6 {[%emt 0:00:42]} 10. Qe1 $5 {[%emt 0:00:49] Joué
rapidement par le breton alors que le GMI n'avait jamais joué cette ligne
selon les bases.} (10. Qd2 f5 11. exf6 Nxf6 12. Kh1 Bb7 13. Rad1 Rc8 $132 {
Hjartarson,J (2547)-Short,N (2655) Nuuk m rapid 2016 (4) 0-1}) 10... f5 {
[%emt 0:02:55]} (10... f6) 11. Kh1 $6 {[%emt 0:06:58][%cal Gg2g4,Gf1g1] Un
plan risqué} (11. exf6 $142 Nxf6 12. h3 (12. Bb5 Nb4 13. Rc1 a6) 12... a6 13.
Rd1 $14 {Andriasian,Z (2628)-Lou,Y (2466) World University-ch 13th 2014 (3) 1/2
}) 11... cxd4 $146 {[%emt 0:14:14]} (11... Kh8 12. Rd1 Ndb8 13. Qf2 cxd4 14.
Nxd4 Nxd4 15. Bxd4 Nc6 16. Be3 Na5 17. Nb5 Ba6 18. b3 Qd7 19. a4 Rac8 20. Bd3
Nc6 21. c4 Nb4 22. Bb1 Qb7 23. Rc1 dxc4 24. bxc4 Rfd8 25. Qe2 Nc6 26. h3 Na5
27. Qa2 Qd7 28. Kh2 Rc6 29. Qe2 Nb3 30. Rcd1 Qe8 31. Rxd8 Bxd8 32. Rd1 Na5 33.
Nd6 Rxd6 34. exd6 Bxc4 35. d7 Qe7 36. Bd3 Bb3 37. Bc2 Bd5 38. Bxf5 Qxd7 39. Be4
Bf6 40. Qh5 g6 41. Qh6 {Djurovic,G (2391)-Martinsen,S (2164) Malinska 2013 1-0}
) 12. Nxd4 {[%emt 0:00:47]} Nxd4 {[%emt 0:02:07]} 13. Bxd4 {[%emt 0:00:06]} Nc5
{[%emt 0:00:10]} 14. g4 {[%emt 0:11:12]} Bb7 $1 {[%emt 0:13:08][%cal Gb7h1,
Gc5e4]} 15. Rd1 $1 {[%emt 0:16:40] Les Blancs doivent surcontroler la case
"d4" pour éviter les problèmes tactiques avec le vis-à-vis du Bb7 et du Kh1}
Bh4 $1 $11 {[%emt 0:06:29]} 16. Qd2 {[%emt 0:01:55]} Qe7 {[%emt 0:02:47]} 17.
Qe3 {[%emt 0:08:15]} fxg4 {[%emt 0:17:46]} 18. Bxg4 {[%emt 0:01:39]} Rf7 {
[%emt 0:00:03]} 19. Qh3 $1 {[%emt 0:07:36][%cal Gh3h4,Gf4f5]} Raf8 {[%emt 0:01:
17]} 20. f5 {[%emt 0:06:46] La percée thématique dans une française mais
les pièces Blanches sont un peu désorganisées pour attaquer à l'aile-roi}
exf5 {[%emt 0:01:52]} 21. Rxf5 {[%emt 0:00:37]} (21. Bh5 g6 22. Bf3 $44) 21...
Rxf5 {[%emt 0:08:25]} 22. Bxf5 {[%emt 0:00:05]} g6 {[%emt 0:00:18]} 23. Rg1 $6
{[%emt 0:07:40]} Bf2 $1 $40 {[%emt 0:02:46][%csl Gb7,Rh1] Attaquant le talon
d'Achille des Blancs} 24. Bxc5 {[%emt 0:07:19]} (24. Bxf2 d4+ {[%csl Gb7]})
24... d4+ {[%emt 0:01:30]} 25. Ne4 {[%emt 0:06:00]} bxc5 {[%emt 0:02:55]} 26.
Rg2 {[%emt 0:04:16]} Be3 $17 {[%emt 0:01:46]} 27. Nf6+ {[%emt 0:03:38]} Rxf6 $1
{[%emt 0:02:38]} 28. exf6 {[%emt 0:00:07]} Qxf6 {[%emt 0:00:15]} 29. Bd3 {
[%emt 0:03:11]} Qc6 {[%emt 0:07:20]} 30. b3 {[%emt 0:00:34]} Kg7 {[%emt 0:01:
03]} 31. Qg3 {[%emt 0:01:04]} Bf4 $1 {[%emt 0:01:34]} 32. Qf2 {[%emt 0:01:51]}
g5 $19 {[%emt 0:00:38]} 33. Bf1 {[%emt 0:01:26]} Qh6 {[%emt 0:00:39]} 34. h4 {
[%emt 0:01:17]} Qe6 {[%emt 0:00:15]} 35. a4 {[%emt 0:01:18]} Kh8 36. Bd3 0-1

[Event "Rohde op 12th"]
[Site "Sautron"]
[Date "2012.11.??"]
[Round "6"]
[White "Videnova, Iva"]
[Black "Gleizerov, Evgeny"]
[Result "1-0"]
[WhiteElo "2318"]
[BlackElo "2564"]
[Annotator "RR"]
[PlyCount "45"]
[EventDate "2012.10.27"]
[EventType "swiss"]
[EventRounds "9"]
[EventCountry "FRA"]
[SourceTitle "EXT 2014"]
[Source "ChessBase"]
[SourceDate "2013.11.20"]
[SourceVersion "1"]
[SourceVersionDate "2013.11.20"]
[SourceQuality "1"]

1. e4 e6 2. d4 d5 3. Nc3 Nf6 4. e5 Nfd7 5. f4 c5 6. Nf3 Nc6 7. Be3 Rb8 {
Une ligne secondaire} (7... a6 8. Qd2) (7... Be7 8. Qd2 a6 9. dxc5 Nxc5 10. Be2
b5 11. a3 Bb7 12. Rd1 Qc7 13. O-O O-O 14. Nd4 Rad8 15. Qe1 f6 16. b4 Nxd4 17.
Bxd4 Ne4 18. Bd3 fxe5 19. Bxe5 Qb6+ 20. Kh1 Nxc3 21. Qxc3 d4 22. Qe1 Bf6 23.
Kg1 Qc6 24. Rd2 Bxe5 25. Qxe5 Rf6 26. Re2 Qb6 27. Qh5 h6 28. Qg4 Rdf8 29. Ref2
Bd5 30. h4 Bc4 31. Rf3 Qc7 32. f5 Bd5 33. R3f2 e5 34. Re1 R6f7 35. Rfe2 e4 36.
Bxe4 Bxe4 37. Rxe4 {Kamsky,G (2762)-Nakamura,H (2760) Beijing 2012 0-1 (61)}) (
7... cxd4 8. Nxd4 Bc5) 8. Be2 (8. Qd2) 8... Qa5 9. O-O b5 $6 {Semble un peu
trop lent et les Blancs vont obtenir une forte initiative а l'aile-roi} (9...
cxd4 $142 10. Nxd4) (9... Be7 10. Qd2 O-O 11. a3 cxd4 12. Nxd4 Nxd4 13. Bxd4
Bc5 14. b4 (14. Rf3 {[%cal Gf3h3]}) 14... Bxd4+ 15. Qxd4 Qb6 $11 {Pelletier,Y 
(2607)-Mateuta,G (2504) EU-ch 9th Plovdiv 2008 (8) 1/2}) 10. a4 b4 11. Nb5 Be7
12. f5 $1 $146 (12. dxc5 O-O 13. Nd6 Nxc5 14. Bb5 Qb6 15. Qe1 a6 16. Qf2 Bxd6
17. exd6 axb5 18. a5 Qd8 19. Bxc5 Ba6 20. Ne5 Nxe5 21. fxe5 Qd7 22. Bxb4 Rfc8
23. b3 Rc6 24. Rad1 Rbc8 25. c3 Rf8 26. Qg3 Kh8 27. Qg5 {1-0 (27) Navara,D 
(2630)-Prusikin,M (2535) Germany 2008}) (12. Nd6+ $5) 12... cxd4 (12... O-O 13.
f6 $40 {[%csl Rg8]}) 13. fxe6 $40 fxe6 14. Nfxd4 Ndxe5 15. Nb3 Qd8 16. Nxa7 Bf6
17. Nxc6 Nxc6 18. Bb5 $18 Bd7 19. Qh5+ g6 20. Qh6 Qe7 21. Rxf6 $1 Qxf6 22. Rf1
Qxb2 23. Bxc6 1-0

[Event "RUS Cup final"]
[Site "Magnitogorsk"]
[Date "2011.11.13"]
[Round "1.1"]
[White "Geller, Jakov"]
[Black "Matlakov, Maxim"]
[Result "1-0"]
[WhiteElo "2563"]
[BlackElo "2632"]
[Annotator "RR"]
[PlyCount "37"]
[EventDate "2011.11.13"]
[EventType "k.o."]
[EventRounds "4"]
[EventCountry "RUS"]
[SourceTitle "CBM 146"]
[Source "ChessBase"]
[SourceDate "2012.01.18"]
[SourceVersion "1"]
[SourceVersionDate "2012.01.18"]
[SourceQuality "1"]

1. e4 e6 2. d4 d5 3. Nc3 Nf6 4. e5 Nfd7 5. f4 c5 6. Nf3 Nc6 7. Be3 Be7 8. Qd2
O-O 9. Be2 a6 10. O-O b5 11. Nd1 cxd4 12. Nxd4 Bb7 13. Nxc6 Bxc6 14. Bd4 Qc7
15. Qe3 Rae8 16. Nf2 Bb7 17. Bd3 Nc5 18. Ng4 Nxd3 19. Nf6+ $1 (19. Qxd3 $2) 1-0

[Event "FIDE World Cup"]
[Site "Baku"]
[Date "2015.09.11"]
[Round "1.1"]
[White "Robson, Ray"]
[Black "Vovk, Yuri"]
[Result "0-1"]
[WhiteElo "2680"]
[BlackElo "2628"]
[Annotator "Ramirez Alvarez,A"]
[PlyCount "74"]
[EventDate "2015.09.11"]
[EventType "k.o."]
[EventRounds "7"]
[EventCountry "AZE"]
[SourceTitle "CBM 169"]
[Source "ChessBase"]
[SourceDate "2015.11.10"]
[SourceVersion "1"]
[SourceVersionDate "2015.11.10"]
[SourceQuality "1"]

1. e4 e6 2. d4 d5 3. Nc3 Nf6 4. e5 Nfd7 5. f4 c5 6. Nf3 Nc6 7. Be3 cxd4 8. Nxd4
Bc5 9. Qd2 O-O 10. O-O-O a6 11. Nb3 Bb4 12. Bd3 b5 13. Nd4 {Very rare. Almost
everyone playis 13.g4, and it scores very well. Surely Vovk knew what he was
doing as he was playing very quickly until 13.Nd4 appeared on the board.} (13.
g4 Na5 14. Bd4 Nc4 $13 {Gharamian-Ni Hua 2011, for example.}) 13... Bb7 {
Natural. The position is a very clear sharp French. Black's attack on the
queenside looks menacing, but you can never underestimate how fast White can
achieve things on the kingside.} 14. Nxc6 Bxc6 15. Bd4 Nc5 16. Qf2 Nxd3+ 17.
Rxd3 Be7 18. Nd1 b4 19. Rh3 Rc8 20. Ne3 f5 {A classic idea. Winning some space
on the kingside allows Black more defensive resources on that side. However,
it does allow White a break on that side of the board.} 21. g4 $6 (21. exf6
Bxf6 $17 {is not playable when White is so committed to the kingside.}) (21.
Rg1 {preparing g4 was better.}) 21... fxg4 22. Nxg4 Be8 $1 {Suddenly the bad
French bishop is jumping to g6 with devastating effect!} 23. Nf6+ Bxf6 24. exf6
Bg6 $1 25. fxg7 Rf7 {The pawn on g7 does not harm White. He now has very
difficult problems to solve on the kingside.} 26. Be5 (26. c3 Qa5 $1 $19 {
for example:} 27. Rg1 Qxa2 {leads to beautiful continuations, but honestly I
doubt this was Vovk's idea.} (27... Bf5 {is more human and probably what Vovk
had in mind. White cannot prevent Qxa2.}) 28. Rxg6 Qa1+ 29. Kc2 (29. Kd2 Qxb2+
30. Ke3 Rxc3+ $1 31. Bxc3 Qxc3+ 32. Ke2 Qb2+ 33. Ke1 Qxf2+ 34. Kxf2 hxg6 {
winning.}) 29... b3+ $1 30. Kd3 Qd1+ $1 31. Qd2 (31. Ke3 e5 $3 32. Bxe5 Rc4 {
with a decisive attack.}) 31... Qf1+ 32. Qe2 Qxh3+ $19) 26... Qg5 $3 {
Brilliant. The queen attacks e5 and reinforces all the threats on the
queenside by placing itself on f5 when the time is right.} 27. Re3 Bxc2 $1 28.
Kd2 Bg6 29. Rc1 Rxc1 30. Kxc1 Qf5 {in opposite colored bishop situations, the
most important thing is king safety. It is obvious that White is the one
suffering here.} 31. Qe2 d4 $1 32. Rb3 (32. Bxd4 Qb1+ 33. Kd2 Rc7 $19) (32. Rg3
{was the best try, but already White is losing.} Qb1+ 33. Kd2 Qxb2+) 32... Qb1+
33. Kd2 Qc2+ 34. Ke1 d3 $1 35. Qd1 Rd7 36. Rxb4 d2+ 37. Ke2 Qxd1+ {A fantastic
game.} 0-1